To kill a mockingbird /

Bibliographic Details
Main Author: Lee, Harper
Format: Book
Language:English
Published: New York : HarperCollins, 1960.[reprinted 1997]
Edition:1st Perennial classics ed.
Series:Perennial classics
Subjects:
Classic Catalogue: View this record in Classic Catalogue
LEADER 03543nam a2200457 a 4500
001 12289379
008 090716r19971960nyu 000 1 eng d
999 |c 8644  |d 8644 
010 |a  2001016794 
020 |a 0749301341 (pbk.) 
020 |a 009919785 
040 |a DLC  |c DLC  |d DLC 
082 0 0 |a 813.54  |2 21 
100 1 |a Lee, Harper.  |9 20132 
245 1 0 |a To kill a mockingbird /  |c Harper Lee. 
250 |a 1st Perennial classics ed. 
260 |a New York :  |b HarperCollins,  |c 1960.[reprinted 1997] 
300 |a 323 p. ;  |c 21 cm. 
490 0 |a Perennial classics 
541 1 |e 00010673 
650 0 |a Fathers and daughters  |v Fiction.  |9 20133 
650 0 |a Race relations  |v Fiction.  |9 20134 
650 0 |a Trials (Rape)  |v Fiction.  |9 20135 
650 0 |a Girls  |v Fiction.  |9 20136 
651 0 |a Southern States  |v Fiction.  |9 20137 
852 4 |a Ayesha Abed Library   |j General Shelf. 
942 0 0 |0 3  |2 ddc  |c BK 
952 |0 0  |1 3  |2 ddc  |4 0  |6 813_540000000000000_LEE  |7 0  |9 10333  |a BRACUL  |b BRACUL  |c GEN  |d 2010-05-19  |g 150.00  |l 32  |m 181  |o 813.54 LEE  |p 3010010673  |q 2025-10-28  |r 2025-10-21  |s 2025-10-21  |t 1  |v 300.00  |w 2010-05-19  |y BK  |x Book damaged; replacement cost Tk. 300 paid by ID: 1000058602. TRXID: 531516030299 
952 |0 0  |1 0  |2 ddc  |4 0  |6 813_540000000000000_LEE  |7 0  |9 10334  |a BRACUL  |b BRACUL  |c GEN  |d 2010-05-19  |l 26  |m 250  |o 813.54 LEE  |p 3010014072  |r 2026-02-02  |s 2025-12-24  |t 2  |w 2010-05-19  |y BK  |x Price not available in register book. 
952 |0 0  |1 0  |2 ddc  |4 0  |6 813_540000000000000_LEE_1997  |7 0  |9 10335  |a BRACUL  |b BRACUL  |c GEN  |d 2010-05-19  |l 27  |m 206  |o 813.54 LEE  |p 3010010671  |q 2026-06-02  |r 2026-01-31  |s 2026-01-31  |t 3  |w 2010-05-19  |y BK 
952 |0 0  |1 0  |2 ddc  |4 0  |6 813_540000000000000_LEE  |7 0  |9 11762  |a BRACUL  |b BRACUL  |c GEN  |d 2010-08-25  |g 180.00  |l 23  |m 139  |o 813.54 LEE  |p 3010011721  |r 2024-03-23  |s 2024-02-13  |t 4  |w 2010-08-25  |y BK 
952 |0 0  |1 0  |2 ddc  |4 0  |6 813_540000000000000_LEE_1997  |7 0  |9 13321  |a BRACUL  |b BRACUL  |c GEN  |d 2010-11-28  |l 23  |m 79  |o 813.54 LEE  |p 3010010677  |r 2023-05-03  |s 2022-10-18  |t 5  |w 2010-11-28  |y BK 
952 |0 0  |1 0  |2 ddc  |4 0  |6 813_540000000000000_LEE_1997  |7 0  |9 14236  |a BRACUL  |b BRACUL  |c GEN  |d 2011-01-29  |l 26  |m 229  |o 813.54 LEE  |p 3010010676  |r 2026-04-12  |s 2026-01-17  |t 6  |w 2011-01-29  |y BK 
952 |0 0  |1 0  |2 ddc  |4 0  |6 813_540000000000000_LEE  |7 0  |9 14237  |a BRACUL  |b BRACUL  |c GEN  |d 2011-01-29  |g 178.00  |l 26  |m 169  |o 813.54 LEE  |p 3010011862  |r 2026-05-07  |s 2026-01-12  |t 7  |w 2011-01-29  |y BK  |x RS-150.00 
952 |0 0  |1 0  |2 ddc  |4 0  |6 813_540000000000000_LEE_1997  |7 0  |9 14238  |a BRACUL  |b BRACUL  |c GEN  |d 2011-01-29  |l 22  |m 356  |o 813.54 LEE  |p 3010010674  |r 2026-03-02  |s 2025-07-24  |t 8  |w 2011-01-29  |y BK 
952 |0 0  |1 0  |2 ddc  |4 0  |6 813_540000000000000_LEE  |7 0  |9 54819  |a SCL  |b SCL  |c GEN  |d 2015-07-07  |g 100.00  |l 15  |m 57  |o 813.54 LEE  |p 3020006663  |r 2024-04-21  |s 2024-04-02  |t 9  |w 2015-07-07  |y BK 
952 |0 0  |1 0  |2 ddc  |4 0  |6 813_000000000000000__54_LEE  |7 0  |9 59248  |a SCL  |b SCL  |c GEN  |d 2016-07-16  |g 180.00  |l 16  |m 52  |o 813.54 LEE  |p 3020008580  |r 2025-08-24  |s 2025-08-17  |t 10  |w 2016-07-16  |y BK 
952 |0 0  |1 0  |2 ddc  |4 0  |6 813_000000000000000__54_LEE  |7 0  |9 59411  |a SCL  |b SCL  |c GEN  |d 2016-07-23  |g 180.00  |l 23  |m 61  |o 813.54 LEE  |p 3020008581  |r 2026-04-15  |s 2025-08-17  |t 11  |w 2016-07-23  |y BK 
952 |0 0  |1 0  |2 ddc  |4 0  |6 813_000000000000000__54_LEE  |7 0  |9 59421  |a SCL  |b SCL  |c GEN  |d 2016-07-24  |g 180.00  |l 4  |m 25  |o 813.54 LEE  |p 3020008582  |r 2018-03-18  |s 2018-01-14  |t 12  |w 2016-07-24  |y BK 
952 |0 0  |1 0  |2 ddc  |4 0  |6 813_000000000000000__54_LEE  |7 0  |9 59457  |a SCL  |b SCL  |c GEN  |d 2016-07-26  |g 180.00  |l 20  |m 76  |o 813.54 LEE  |p 3020008583  |r 2026-03-05  |s 2026-03-03  |t 13  |w 2016-07-26  |y BK 
952 |0 0  |1 0  |2 ddc  |4 0  |6 813_000000000000000__54_LEE  |7 0  |9 59479  |a SCL  |b SCL  |c GEN  |d 2016-07-28  |g 180.00  |l 20  |m 96  |o 813.54 LEE  |p 3020008584  |r 2026-05-07  |s 2026-02-03  |t 14  |w 2016-07-28  |y BK